[Event "Capablanca Memorial op 53rd"]
[Site "Havana"]
[Date "2018.05.17"]
[Round "8"]
[White "Salgado Segui, Roberto"]
[Black "Elias Reyes, Jorge Roberto"]
[Result "0-1"]
[WhiteElo "2137"]
[BlackElo "2300"]
[PlyCount "94"]
[EventDate "2018.05.09"]
[EventType "swiss"]
[EventRounds "10"]
[EventCountry "CUB"]
[SourceTitle "EXT 2021"]
[Source "ChessBase"]
[SourceDate "2020.10.23"]
[SourceVersion "1"]
[SourceVersionDate "2020.10.23"]
[SourceQuality "1"]

1. e4 c5 2. Nf3 d6 3. d4 cxd4 4. Nxd4 Nc6 5. Nc3 e6 6. Be2 Nf6 7. 0-0 Be7 8. Be3 a6 9. a4 0-0 10. Nb3 b6 11. f4 Qc7 12. Bf3 Bb7 13. Rf2 Rad8 14. Rd2 Nd7 15. Kh1 Nc5 16. Qg1 Na5 17. Nxa5 bxa5 18. Rad1 Rc8 19. Bd4 Qb8 20. Qf2 Qa8 21. Qg3 g6 22. Re1 Rc7 23. f5 e5 24. Be3 Nxe4 25. Nxe4 Bxe4 26. Bb6 Rc4 27. b3 Rb4 28. Bxa5 d5 29. f6 Bc5 30. Bxe4 Rxe4 31. Rxe4 dxe4 32. Qxe5 e3 33. Rd7 Qc8 34. Qd5 e2 35. Be1 Qe8 36. b4 Bxb4 37. c3 Bxc3 38. Re7 Qxa4 39. Rxe2 Qf4 40. Qf3 Qxf3 41. gxf3 Bxf6 42. Ra2 Re8 43. Ba5 Rb8 44. Bc7 Rb1+ 45. Kg2 Rb2+ 46. Rxb2 Bxb2 47. Ba5 Kg7 0-1

[Event "Capablanca Memorial op 53rd"]
[Site "Havana"]
[Date "2018.05.16"]
[Round "7"]
[White "Otero Acosta, Diasmany"]
[Black "Salgado Segui, Roberto"]
[Result "1-0"]
[WhiteElo "2394"]
[BlackElo "2137"]
[PlyCount "57"]
[EventDate "2018.05.09"]
[EventType "swiss"]
[EventRounds "10"]
[EventCountry "CUB"]
[SourceTitle "EXT 2021"]
[Source "ChessBase"]
[SourceDate "2020.10.23"]
[SourceVersion "1"]
[SourceVersionDate "2020.10.23"]
[SourceQuality "1"]

1. Nf3 Nf6 2. c4 e6 3. g3 d5 4. Bg2 c6 5. b3 dxc4 6. bxc4 e5 7. Bb2 Bc5 8. 0-0 Ng4 9. Qc2 f6 10. e3 0-0 11. d4 exd4 12. exd4 Bb6 13. Nbd2 f5 14. Rae1 f4 15. Ne4 Ba5 16. Re2 h6 17. h3 Nf6 18. Nxf6+ Qxf6 19. d5 Qf5 20. Qa4 Bd8 21. g4 Qg6 22. Ne5 Qg5 23. c5 f3 24. Nxf3 Qxd5 25. Ne5 Qe6 26. Rfe1 b5 27. Qc2 Ba5 28. Be4 Bxe1 29. Bh7+ 1-0

[Event "Capablanca Memorial op 53rd"]
[Site "Havana"]
[Date "2018.05.15"]
[Round "6"]
[White "Salgado Segui, Roberto"]
[Black "Garcia Martinez, Omar"]
[Result "1-0"]
[WhiteElo "2137"]
[BlackElo "2307"]
[PlyCount "107"]
[EventDate "2018.05.09"]
[EventType "swiss"]
[EventRounds "10"]
[EventCountry "CUB"]
[SourceTitle "EXT 2021"]
[Source "ChessBase"]
[SourceDate "2020.10.23"]
[SourceVersion "1"]
[SourceVersionDate "2020.10.23"]
[SourceQuality "1"]

1. e4 e5 2. d4 exd4 3. Nf3 Nc6 4. Bc4 Nf6 5. e5 d5 6. Bb5 Ne4 7. Nxd4 Bc5 8. Be3 Bd7 9. Bxc6 bxc6 10. 0-0 Qe7 11. f3 Nd6 12. f4 Nf5 13. Bf2 0-0 14. c3 f6 15. exf6 Qxf6 16. Nxf5 Bxf2+ 17. Rxf2 Bxf5 18. Qd4 Qd6 19. c4 dxc4 20. Qxc4+ Be6 21. Qc1 g5 22. f5 Bxf5 23. Qxg5+ Bg6 24. Rd2 Qe6 25. Nc3 Rf5 26. Rd8+ Kg7 27. Qd2 Rxd8 28. Qxd8 Qe3+ 29. Kh1 Qf4 30. h3 Qd6 31. Qb8 Rf2 32. Rd1 Qg3 33. Rg1 Qe5 34. Qb7 c5 35. a4 a5 36. Rd1 c4 37. Kg1 Qe3 38. Kh1 Qe5 39. Qb8 Bd3 40. Rg1 Rf6 41. Qd8 Qd6 42. Qa8 Rf5 43. Qa7 Qb6 44. Qa8 Qxb2 45. Nb5 Qe5 46. Qxa5 Be4 47. Qd2 Bc6 48. Nd4 Be4 49. Nxf5+ Qxf5 50. Qd4+ Kg6 51. Qe3 Bd3 52. Qg3+ Kh6 53. Qxc7 Qe4 54. a5 1-0

[Event "Capablanca Memorial op-A 48th"]
[Site "Havana"]
[Date "2013.05.01"]
[Round "10"]
[White "Salgado Segui, Roberto"]
[Black "Cardenas Ballester, Maydelin"]
[Result "1/2-1/2"]
[WhiteElo "2226"]
[BlackElo "2118"]
[PlyCount "60"]
[EventDate "2013.04.21"]
[EventType "swiss"]
[EventRounds "10"]
[EventCountry "CUB"]
[SourceTitle "CBM 154 Extra"]
[Source "ChessBase"]
[SourceDate "2013.06.25"]
[SourceVersion "2"]
[SourceVersionDate "2013.06.25"]
[SourceQuality "1"]

1. d4 f5 2. e4 fxe4 3. f3 exf3 4. Nxf3 Nf6 5. Bd3 c5 6. 0-0 cxd4 7. Nxd4 g6 8. Nc3 Bg7 9. Bc4 e6 10. Bf4 Qb6 11. Be3 Qb4 12. Ndb5 0-0 13. Rf4 Qe7 14. Qd6 Qxd6 15. Nxd6 Bh6 16. Rf3 Bxe3+ 17. Rxe3 b6 18. Rf1 Ba6 19. Ref3 Bxc4 20. Nxc4 d5 21. Nxb6 axb6 22. Rxf6 Nd7 23. Rxe6 Rxf1+ 24. Kxf1 d4 25. Ne2 Rxa2 26. Rd6 Ne5 27. Rxb6 d3 28. cxd3 Nxd3 29. Nc3 Rxb2 30. Rxb2 Nxb2 1/2-1/2

[Event "Capablanca Memorial op-A 48th"]
[Site "Havana"]
[Date "2013.04.27"]
[Round "6"]
[White "Salgado Segui, Roberto"]
[Black "Pina Vega, Sulennis"]
[Result "1/2-1/2"]
[WhiteElo "2226"]
[BlackElo "2332"]
[PlyCount "37"]
[EventDate "2013.04.21"]
[EventType "swiss"]
[EventRounds "10"]
[EventCountry "CUB"]
[SourceTitle "CBM 154 Extra"]
[Source "ChessBase"]
[SourceDate "2013.06.25"]
[SourceVersion "2"]
[SourceVersionDate "2013.06.25"]
[SourceQuality "1"]

1. d4 d5 2. c4 dxc4 3. Nf3 a6 4. a4 Nf6 5. e3 Bg4 6. Bxc4 e6 7. Nc3 Nc6 8. 0-0 Bd6 9. Be2 0-0 10. h3 Bh5 11. Nd2 Bxe2 12. Qxe2 e5 13. d5 Nb4 14. e4 Nc2 15. Rb1 Nd4 16. Qd3 Rc8 17. Nf3 Nxf3+ 18. Qxf3 Nd7 19. Ne2 1/2-1/2

[Event "Capablanca Memorial op-A 48th"]
[Site "Havana"]
[Date "2013.04.24"]
[Round "4"]
[White "Estrada Nieto, Julian"]
[Black "Salgado Segui, Roberto"]
[Result "0-1"]
[WhiteElo "2284"]
[BlackElo "2226"]
[PlyCount "50"]
[EventDate "2013.04.21"]
[EventType "swiss"]
[EventRounds "10"]
[EventCountry "CUB"]
[SourceTitle "CBM 154 Extra"]
[Source "ChessBase"]
[SourceDate "2013.06.25"]
[SourceVersion "2"]
[SourceVersionDate "2013.06.25"]
[SourceQuality "1"]

1. e4 c5 2. Nf3 d6 3. Bb5+ Bd7 4. Bxd7+ Qxd7 5. 0-0 Nf6 6. Qe2 Nc6 7. Rd1 g6 8. d4 cxd4 9. Nxd4 Bg7 10. c4 0-0 11. Nc3 Rac8 12. Bg5 Nxd4 13. Rxd4 Ng4 14. Rdd1 Ne5 15. Rac1 f6 16. Be3 Nxc4 17. Bxa7 Bh6 18. Rb1 b6 19. Rd4 b5 20. Rxc4 Rxc4 21. Be3 Bxe3 22. Qxe3 Rfc8 23. Nd5 Qb7 24. h4 f5 25. Nb6 f4 0-1

[Event "Havana UCI op 9th"]
[Site "Havana"]
[Date "2010.11.09"]
[Round "1"]
[White "Salgado Segui, Roberto"]
[Black "Barroso Napoles, Alexander"]
[Result "1-0"]
[WhiteElo "2221"]
[BlackElo "2044"]
[PlyCount "63"]
[EventDate "2010.11.08"]
[EventType "swiss"]
[EventRounds "9"]
[EventCountry "CUB"]
[SourceTitle "CBM 139 Extra"]
[Source "ChessBase"]
[SourceDate "2011.01.05"]
[SourceVersion "1"]
[SourceVersionDate "2011.01.05"]
[SourceQuality "1"]

1. e4 e5 2. Nf3 Nc6 3. Bb5 a6 4. Ba4 Nf6 5. 0-0 b5 6. Bb3 Be7 7. Re1 d6 8. c3 0-0 9. h3 Na5 10. Bc2 c5 11. d4 cxd4 12. cxd4 Qc7 13. a3 h6 14. Nbd2 Bd7 15. d5 Rfc8 16. Bb1 Bf8 17. Ra2 Nc4 18. b3 Nb6 19. Nf1 a5 20. Ne3 Qb7 21. Bd3 Rcb8 22. Nh4 g6 23. Bd2 a4 24. b4 Rc8 25. Qe2 Rc7 26. Rc1 Rac8 27. Rac2 Be7 28. Nf3 Kh7 29. Nh2 Rxc2 30. Bxc2 Nfxd5 31. exd5 Nxd5 32. Qf3 1-0

[Event "Havana Province-ch final"]
[Site "Havana"]
[Date "2010.10.18"]
[Round "1"]
[White "Soto Hernandez, Henry"]
[Black "Salgado Segui, Roberto"]
[Result "1-0"]
[WhiteElo "2308"]
[BlackElo "2195"]
[PlyCount "97"]
[EventDate "2010.10.18"]
[EventType "tourn"]
[EventRounds "11"]
[EventCountry "CUB"]
[SourceTitle "EXT 2019"]
[Source "ChessBase"]
[SourceDate "2018.10.10"]
[SourceVersion "1"]
[SourceVersionDate "2018.10.10"]
[SourceQuality "1"]

1. e4 e5 2. Nf3 Nc6 3. Bc4 Nf6 4. d3 Bc5 5. 0-0 d6 6. c3 Bg4 7. Nbd2 a6 8. Bb3 0-0 9. h3 Be6 10. Re1 Re8 11. Nf1 Bb6 12. Ng3 Bxb3 13. axb3 h6 14. Nh2 Ne7 15. Qf3 Ng6 16. Nf5 Re6 17. g3 d5 18. Ng4 Nxg4 19. hxg4 dxe4 20. dxe4 Qf6 21. Kg2 Rd8 22. Rh1 Red6 23. Nxd6 Qxd6 24. g5 hxg5 25. Bxg5 f6 26. Rad1 Qe7 27. Rxd8+ Qxd8 28. Be3 Bxe3 29. Qxe3 Qd7 30. Qf3 Qd2 31. Qg4 Nf8 32. Qd1 Qxd1 33. Rxd1 Kf7 34. b4 Ke7 35. Kf3 Ne6 36. Ke3 Ke8 37. f4 Ke7 38. Rh1 exf4+ 39. gxf4 g5 40. f5 Nf8 41. Kd4 Kd6 42. c4 c6 43. Rh6 Ke7 44. b3 Nd7 45. Rh8 a5 46. Rh7+ Kd8 47. bxa5 Kc8 48. b4 Kd8 49. b5 1-0

[Event "Havana UCI op 8th"]
[Site "Havana"]
[Date "2009.11.07"]
[Round "4"]
[White "Salgado Segui, Roberto"]
[Black "De Quesada Pena, Alexei"]
[Result "1/2-1/2"]
[WhiteElo "2176"]
[BlackElo "2236"]
[PlyCount "86"]
[EventDate "2009.11.04"]
[EventType "swiss"]
[EventRounds "9"]
[EventCountry "CUB"]
[SourceTitle "EXT 2011"]
[Source "ChessBase"]
[SourceDate "2010.11.26"]
[SourceVersion "1"]
[SourceVersionDate "2010.11.26"]
[SourceQuality "1"]

1. d4 Nf6 2. Nf3 e6 3. c4 b6 4. Nc3 Bb7 5. a3 d6 6. e3 Nbd7 7. Bd3 g6 8. 0-0 Bg7 9. e4 h6 10. Re1 e5 11. b4 0-0 12. dxe5 Nxe5 13. Nxe5 dxe5 14. Be3 c6 15. c5 Ng4 16. Qxg4 Qxd3 17. Rac1 f5 18. Red1 Qa6 19. Qxg6 Rf6 20. Qh5 f4 21. Bd2 bxc5 22. bxc5 Rf7 23. a4 Raf8 24. Qe2 f3 25. Qxa6 Bxa6 26. g3 Rd7 27. Be3 Rfd8 28. Rxd7 Rxd7 29. Rd1 Rxd1+ 30. Nxd1 Bd3 31. Nc3 Kh7 32. Bc1 Bf6 33. g4 Kg6 34. h3 Bg5 35. Be3 Bxe3 36. fxe3 Kg5 37. Kf2 Kh4 38. Kxf3 Kxh3 39. Nd1 Ba6 40. Nf2+ Kh4 41. a5 Bc4 42. Nh1 Be6 43. Nf2 Bc4 1/2-1/2

[Event "Havana UCI op 8th"]
[Site "Havana"]
[Date "2009.11.04"]
[Round "1"]
[White "Salgado Segui, Roberto"]
[Black "Alvarez Garcia, Mario Alberto"]
[Result "1-0"]
[WhiteElo "2176"]
[BlackElo "2087"]
[PlyCount "69"]
[EventDate "2009.11.04"]
[EventType "swiss"]
[EventRounds "9"]
[EventCountry "CUB"]
[SourceTitle "EXT 2011"]
[Source "ChessBase"]
[SourceDate "2010.11.26"]
[SourceVersion "1"]
[SourceVersionDate "2010.11.26"]
[SourceQuality "1"]

1. d4 Nf6 2. Bg5 d5 3. Bxf6 exf6 4. Nf3 Bd6 5. e3 0-0 6. Bd3 Nc6 7. a3 f5 8. g3 Be6 9. Nbd2 Re8 10. Bb5 a6 11. Bxc6 bxc6 12. b4 Qf6 13. 0-0 g5 14. c3 Kh8 15. Ne1 Bd7 16. Qf3 Qg6 17. Ng2 h5 18. c4 Be6 19. c5 Bf8 20. h4 f6 21. Nb3 Bh6 22. Kh2 Rg8 23. Rg1 Rae8 24. Nd2 f4 25. gxf4 Bg4 26. Qg3 Qc2 27. fxg5 fxg5 28. Nf3 gxh4 29. Nfxh4 Bd7 30. Qxc7 Re7 31. Qd6 Rh7 32. Qf6+ Rgg7 33. Qf8+ Rg8 34. Qxg8+ Kxg8 35. Ne1+ 1-0

[Event "Havana Province-ch final 1st Cat"]
[Site "San Nicolas de Bari"]
[Date "2009.10.07"]
[Round "3"]
[White "Salgado Segui, Roberto"]
[Black "Vargas Rodriguez, Wilver"]
[Result "0-1"]
[WhiteElo "2176"]
[BlackElo "2013"]
[PlyCount "80"]
[EventDate "2009.10.05"]
[EventType "tourn"]
[EventRounds "11"]
[EventCountry "CUB"]
[SourceTitle "EXT 2019"]
[Source "ChessBase"]
[SourceDate "2018.10.10"]
[SourceVersion "1"]
[SourceVersionDate "2018.10.10"]
[SourceQuality "1"]

1. e4 e6 2. d3 d5 3. Nd2 Nf6 4. Ngf3 b6 5. e5 Nfd7 6. g3 Bb7 7. Bg2 c5 8. 0-0 Nc6 9. Re1 Qc7 10. Qe2 Be7 11. Nf1 0-0-0 12. c3 Kb8 13. a3 Ba6 14. b4 c4 15. d4 Bb7 16. a4 a5 17. b5 Na7 18. Bg5 Nf8 19. Bc1 h6 20. N3d2 g6 21. Ne3 h5 22. h3 Nc8 23. Rf1 Qd7 24. f4 Nh7 25. h4 Bf8 26. Nf3 Ne7 27. Ne1 Ka7 28. Bb2 Bh6 29. Ba3 Bf8 30. Kh2 Nf5 31. Nxf5 exf5 32. Bb2 Be7 33. Nc2 Nf8 34. Rfc1 Ne6 35. Qf2 Rhe8 36. Ne3 Kb8 37. Qf3 Ka7 38. Rf1 Kb8 39. Rac1 Ka7 40. Ba3 Bxa3 0-1

[Event "Havana Province-ch sf 1st Cat"]
[Site "San Nicolas de Bari"]
[Date "2009.09.15"]
[Round "3"]
[White "Salgado Segui, Roberto"]
[Black "Losada Diaz, Jorge Luis"]
[Result "1/2-1/2"]
[WhiteElo "2176"]
[BlackElo "2021"]
[PlyCount "24"]
[EventDate "2009.09.14"]
[EventType "swiss"]
[EventRounds "9"]
[EventCountry "CUB"]
[SourceTitle "EXT 2019"]
[Source "ChessBase"]
[SourceDate "2018.10.10"]
[SourceVersion "1"]
[SourceVersionDate "2018.10.10"]
[SourceQuality "1"]

1. e4 c5 2. c3 d5 3. exd5 Qxd5 4. d4 Nc6 5. Nf3 e5 6. Nxe5 Nxe5 7. dxe5 Qxe5+ 8. Be3 Bd7 9. Na3 Nf6 10. Nc4 Qc7 11. Be2 Rd8 12. Qc2 b5 1/2-1/2

[Event "Havana Province-ch final"]
[Site "San Nicolas de Bari"]
[Date "2007.10.13"]
[Round "6"]
[White "Salgado Segui, Roberto"]
[Black "Ragolta Franco, Eduardo"]
[Result "1-0"]
[WhiteElo "2118"]
[BlackElo "2272"]
[PlyCount "95"]
[EventDate "2007.10.07"]
[EventType "tourn"]
[EventRounds "11"]
[EventCountry "CUB"]
[SourceTitle "EXT 2019"]
[Source "ChessBase"]
[SourceDate "2018.10.10"]
[SourceVersion "1"]
[SourceVersionDate "2018.10.10"]
[SourceQuality "1"]

1. d4 Nf6 2. Nd2 e6 3. Ngf3 c5 4. e3 b6 5. Bd3 Bb7 6. Qe2 Nc6 7. c3 Be7 8. 0-0 cxd4 9. exd4 Nd5 10. Nc4 0-0 11. Nce5 Nxe5 12. Nxe5 f5 13. Bb5 Bc8 14. Bd2 a6 15. Bd3 Bb7 16. Rad1 Bd6 17. c4 Nf6 18. f3 Qc7 19. Rfe1 a5 20. a4 Rae8 21. Qf2 Bb4 22. Bxb4 axb4 23. c5 bxc5 24. dxc5 Rc8 25. Bb5 Ne4 26. Qd4 Nxc5 27. Nxd7 Rfd8 28. Qxc5 Rxd7 29. Qxc7 Rdxc7 30. Rxe6 Rc1 31. Rxc1 Rxc1+ 32. Kf2 Kf7 33. Re2 b3 34. Ke3 Bc6 35. Bxc6 Rxc6 36. Kd3 Kf6 37. a5 g6 38. a6 Rxa6 39. Kc4 Rb6 40. Re3 Rd6 41. Kxb3 Rd2 42. g3 Rxh2 43. Kc3 Rg2 44. f4 g5 45. Rd3 gxf4 46. gxf4 Rg4 47. Rd4 h5 48. b4 1-0

[Event "Havana Province-ch final"]
[Site "San Nicolas de Bari"]
[Date "2007.10.11"]
[Round "2"]
[White "Garcia Pino, Jesus B"]
[Black "Salgado Segui, Roberto"]
[Result "1-0"]
[WhiteElo "2079"]
[BlackElo "2118"]
[PlyCount "65"]
[EventDate "2007.10.07"]
[EventType "tourn"]
[EventRounds "11"]
[EventCountry "CUB"]
[SourceTitle "EXT 2019"]
[Source "ChessBase"]
[SourceDate "2018.10.10"]
[SourceVersion "1"]
[SourceVersionDate "2018.10.10"]
[SourceQuality "1"]

1. e4 c5 2. Nc3 Nc6 3. f4 e6 4. Nf3 a6 5. g3 Be7 6. Bg2 h5 7. d3 h4 8. Be3 Nh6 9. Qd2 d5 10. Bg1 d4 11. Ne2 e5 12. Nxe5 Nxe5 13. fxe5 Ng4 14. h3 Nxe5 15. g4 Bg5 16. Nf4 Qf6 17. Bh2 Bxg4 18. 0-0 Be6 19. Qa5 Bxf4 20. Bxf4 Nd7 21. Qd2 Qe7 22. c3 f6 23. cxd4 cxd4 24. Qf2 Qb4 25. a3 Qb6 26. Rac1 Ne5 27. Qd2 Rh5 28. b4 Rc8 29. Kh2 Qd6 30. Qe2 Rxc1 31. Qxh5+ g6 32. Bxe5 gxh5 33. Bxd6 1-0